UBT Library

Atrioventricular canal defects / (Record no. 47066)

000 -LEADER
fixed length control field 00583pam a2200217 i 4500
001 - CONTROL NUMBER
control field 1288818
005 - DATE AND TIME OF LATEST TRANSACTION
control field 20180813090039.0
008 - FIXED-LENGTH DATA ELEMENTS--GENERAL INFORMATION
fixed length control field 760617s1976 paua b 001 0 eng
010 ## - LIBRARY OF CONGRESS CONTROL NUMBER
LC control number 76008574
020 ## - INTERNATIONAL STANDARD BOOK NUMBER
International Standard Book Number 0721636152
040 ## - CATALOGING SOURCE
Original cataloging agency DLC
Transcribing agency DLC
Modifying agency DLC
041 ## - LANGUAGE CODE
Language code of text/sound track or separate title eng
060 ## - NATIONAL LIBRARY OF MEDICINE CALL NUMBER
Classification number WG220 A882
080 ## - UNIVERSAL DECIMAL CLASSIFICATION NUMBER
Universal Decimal Classification number 616.125
082 00 - DEWEY DECIMAL CLASSIFICATION NUMBER
Classification number 616.125
100 ## - Rafti
Rafti 7
101 ## - Shkurtesa
Shkurtesa KAR
245 00 - TITLE STATEMENT
Title Atrioventricular canal defects /
Statement of responsibility, etc editor, Robert H. Feldt ; associate editors, Dwight C. McGoon ... [et al.].
906 ## - LOCAL DATA ELEMENT F, LDF (RLIN)
a 7
b cbc
c orignew
d 1
e ocip
f 19
g y-gencatlg
942 ## - ADDED ENTRY ELEMENTS (KOHA)
Source of classification or shelving scheme
Item type Books
Holdings
Withdrawn status Lost status Source of classification or shelving scheme Damaged status Not for loan Permanent location Current location Date acquired Total Checkouts Full call number Barcode Date last seen Price effective from Koha item type
          UBT - Lipjan UBT - Lipjan 08/13/2018   616.125 FEL 002-3010917 08/13/2018 08/13/2018 Books
UBT Library © 2015-2024. All rights reserved University Education for Business and Technology